000 00508nam a2200193Ia 4500
008 151119s9999||||xx |||||||||||||| ||und||
082 _a891.46308
082 _bGKKV25270
100 _aपाठक सुरेश
245 _aकृष्णतुळस
260 _a--
260 _b--
260 _c0
600 _aपाठक सुरेश
630 _aकृष्णतुळस
700 _aपाठक सुरेश
730 _aकृष्णतुळस
942 _cBOOK
999 _c1077807
_d1077804